书目信息 |
| 题名: |
中国盗墓史
|
|
| 作者: | 王子今 著 | |
| 分册: | ||
| 出版信息: | 北京 九州出版社 2007 |
|
| 页数: | 374页 | |
| 开本: | 25cm | |
| 丛书名: | ||
| 单 册: | ||
| 中图分类: | D691.98 | |
| 科图分类: | ||
| 主题词: | 盗窃--陵墓--中国--史料 , 盗窃 , 陵墓 | |
| 电子资源: | ||
| ISBN: | 7-80195-612-5 | |
| 000 | 00888nam0 2200265 450 | |
| 001 | 003374831 | |
| 005 | 20080226091511.53 | |
| 010 | @a7-80195-612-5@dCNY39.80 | |
| 035 | @a003374831 | |
| 100 | @a20070226d2007 em y0chiy0110 ea | |
| 101 | 0 | @achi |
| 102 | @aCN@b110000 | |
| 105 | @aa z 000yd | |
| 106 | @ar | |
| 200 | 1 | @a中国盗墓史@Azhong guo dao mu shi@e插图珍藏版@f王子今著 |
| 210 | @a北京@c九州出版社@d2007 | |
| 215 | @a374页@c图@d25cm | |
| 330 | @a本书以中国历代盗墓及相关现象作为研究对象,描述了中国历史上的盗墓活动和盗墓故事,揭示了盗墓者常用的技术手段和反盗墓措施,分析了盗墓行为背后的心理动机,论述了盗墓在中国文化发现上的历史作用。并精选了一百余幅珍贵图片。 | |
| 606 | 0 | @a盗窃@x陵墓@y中国@j史料 |
| 606 | 0 | @a盗窃 |
| 606 | 0 | @a陵墓 |
| 690 | @aD691.98@v4 | |
| 701 | 0 | @a王子今@Awang zi jin@f(1950~)@4著 |
| 801 | 0 | @aCN@bNLC@c20080226 |
| 905 | @dD691.98@e149@f1 | |
| 中国盗墓史:插图珍藏版/王子今著.-北京:九州出版社,2007 |
| 374页:图;25cm |
| ISBN 7-80195-612-5:CNY39.80 |
| 本书以中国历代盗墓及相关现象作为研究对象,描述了中国历史上的盗墓活动和盗墓故事,揭示了盗墓者常用的技术手段和反盗墓措施,分析了盗墓行为背后的心理动机,论述了盗墓在中国文化发现上的历史作用。并精选了一百余幅珍贵图片。 |
| ● |
| 相关链接 |
|
|
|
|
正题名:中国盗墓史
索取号:D691.98/149
 
预约/预借
| 序号 | 登录号 | 条形码 | 馆藏地/架位号 | 状态 | 备注 |
| 1 | 0793416 | 207934164 | 第一样本阅览室/ [索取号:D691.98/149] | 在馆 |